000 00250nam a2200109Ia 4500
008 200302s9999 xx 000 0 und d
100 _aCyril Aldred
245 _aThe Egyptians
260 _bThames and Hudson Ltd.
260 _c1984
300 _a216 P.,
999 _c2273
_d2273